Roadblocks to faith /

Bibliographic Details
Main Author: Pike, James A. (James Albert), 1913-1969
Other Authors: Krumm, John McGill, 1913-
Format: Book
Language:English
Published: New York : Morehouse-Gorham Co., 1954.
Series:Bishop of New York books, 1954
Subjects:

MARC

Tag First Indicator Second Indicator Subfields
LEADER 00000cam a2200000 4500
001 in00000038343
005 20151007081001.0
008 750325s1954 eng u
010 |a  54007335  
035 |a (OCoLC)01237563 
035 |9 AAF5695AM 
040 |c ORL  |d TXA  |d UtOrBLW 
049 |a TXAM  |c [232686] 
050 0 0 |a BT1105  |b .P46 
082 0 |a 239 
092 |a 239  |b P635r 
100 1 |a Pike, James A.  |q (James Albert),  |d 1913-1969. 
245 1 0 |a Roadblocks to faith /  |c by James A. Pike and John McG. Krumm. Foreword by Horace W. B. Donegan. 
264 1 |a New York :  |b Morehouse-Gorham Co.,  |c 1954. 
300 |a 144 pages ;  |c 21 cm. 
336 |a text  |b txt  |2 rdacontent 
337 |a unmediated  |b n  |2 rdamedia 
338 |a volume  |b nc  |2 rdacarrier 
490 0 |a Bishop of New York books, 1954 
650 0 |a Apologetics  |x History  |y 20th century. 
700 1 |a Krumm, John McGill,  |d 1913- 
999 |a MARS 
999 f f |s 98839b1c-29dc-3208-910e-05b8bb759cdf  |i a726b838-4f4c-36cd-b1a7-4d774e9439c5  |t 0 
952 f f |p normal  |a Texas A&M University  |b College Station  |c Sterling C. Evans Library  |d Evans: Library Stacks  |t 0  |e BT1105 .P46  |h Library of Congress classification  |i unmediated -- volume  |m A14800609437 
998 f f |a BT1105 .P46  |t 0  |l Evans: Library Stacks